Centroamérica: la democracia posible
में बचाया:
| मुख्य लेखक: | |
|---|---|
| स्वरूप: | मूलपाठ |
| प्रकाशित: |
San José:
EDUCA. FLACSO
|
| टैग: |
टैग जोड़ें
कोई टैग नहीं, इस रिकॉर्ड को टैग करने वाले पहले व्यक्ति बनें!
|
MARC
| LEADER | 00000 a a2200000 04500 | ||
|---|---|---|---|
| 001 | 23606 | ||
| 003 | |||
| 040 | |||
| 020 | |a 9977-30-101-8 | ||
| 090 | |a 162400 | ||
| 100 | |a Torres Rivas, Edelberto | ||
| 245 | |a Centroamérica: la democracia posible | ||
| 260 | |a San José: |b EDUCA. FLACSO | ||
| 300 | |a 192 p |b **no definido** | ||
| 999 | |c 16598 |d 16598 | ||



